Las pruebas del Bachillerato: instrucciones a los examinadores

Gorde:
Xehetasun bibliografikoak
Erakunde egilea: Universidad de Chile (Egilea)
Formatua: Liburua
Hizkuntza:gaztelania
Argitaratua: Santiago Universidad de Chile 1958
Edizioa:1a. ed
Gaiak:
Etiketak: Etiketa erantsi
Etiketarik gabe, Izan zaitez lehena erregistro honi etiketa jartzen!

MARC

LEADER 00000cam a2200000 a 4500
001 UCD1348
003 CL-VaPUC
008 160303e19580000cl |||||||||||||||||spa|d
082 0 4 |a 378  |b UNI  |2 21 
110 2 |a Universidad de Chile  |e author  |9 584445 
245 1 4 |a Las pruebas del Bachillerato: instrucciones a los examinadores 
250 |a 1a. ed 
300 |a 51 p 
942 |c BK 
945 |d 20160303 03:41:00  |a dcastane 
260 |a Santiago  |b Universidad de Chile  |c 1958 
650 0 |a Educación superior   |9 223851 
650 0 |a Universidades chilenas  |9 407335 
650 0 |a Bachilleratos  |9 341184 
583 |a last modification  |c 20160303 03:41:00  |k Rodrigo Vera 
999 |c 362697  |d 362695 
952 |0 0  |1 0  |3 erb  |4 0  |6 378_000000000000000_UNI_1958  |7 0  |8 X  |9 474118  |a FDOBUD  |b FDOBUD  |i 526409K  |o 378 UNI 1958  |p 526409K  |r 2019-11-24  |w 2019-11-24  |y BK_X  |z Catalogado en:20160303  |k BUD